000 01284ctm a22002891i 4500
003 SA-RiAUC
005 20251214121938.0
008 251207s1982 su f m 00000 ara c
040 _aSA-JeALM
_bara
_cSA-RiAUC
_erda
082 0 4 _a251.222
_qSA-RiAUC
090 _aر 251.222
_bن ب ي
100 1 _aنبي، صبغة الله غلام
_eمؤلف.
245 1 2 _aالحرام في التشريع الإسلامي /
_cإعداد صبغة الله غلام نبي ؛ إشراف عبد الوهاب إبراهيم أبو سليمان.
246 3 0 _aالتشريع الإسلامي
264 0 _aمكة المكرمة :
_bجامعة أم القرى .
_c1983
300 _a220 ورقة ؛
_c30 سم .
336 _aنص
_btxt
_2rdacontent
_3أطروحة
337 _aبدون وسيط
_bn
_2rdamedia
338 _aمجلد
_bnc
_2rdacarrier
500 _aأطروحة (ماجستير)-جامعة أم القرى، 1403 هجري.
502 _aأطروحة (ماجستير)-جامعة أم القرى، 1403 هجري.
650 7 _aالحلال والحرام
_2aucsh
650 7 _aأصول الفقه الإسلامي
_2aucsh
700 _aأبو سليمان، عبدالوهاب ابراهيم
_eمشرف .
942 _2ddc
_cTHESES
_n0
949 _aSA-JeALM
_d251207
_uosman123
_n1
999 _c13509
_d13509